00440nam a2200157Ia 4500008004100000041000800041082002500049100002400074245007700098260002900175300000800204365001600212710002400228906001100252999001900263230312s9999 xx 000 0 und d aeng a620.106b620.106 RAJ aRajput R.K.9137180 aTextbook Of Fluid MechanicsbFluid Mechanics & Hydraulic Machines Part I c2008bS. Chand & Company a999 cRs.b375.00 aRajput R.K.9137181 b281.25 c129884d129884